Statistics for Anna Kendrick Movies

Click here to take the quiz!

General Stats

  • This quiz has been taken 488 times
    (38 since last reset)
  • The average score is 13 of 36

Answer Stats

Hint Answer % Correct
2015Pitch Perfect 2
97%
2012Pitch Perfect
97%
2017Pitch Perfect 3
94%
2016Trolls
76%
2008Twilight
67%
2018A Simple Favor
61%
2010The Twilight Saga: Eclipse
55%
2017Table 19
52%
2009Up in the Air
52%
2014Into the Woods
52%
2009The Twilight Saga: New Moon
45%
2011The Twilight Saga: Breaking Dawn - Part 1
42%
2016The Accountant
36%
201150/50
36%
2015Mr. Right
36%
2013Drinking Buddies
33%
2003Camp
33%
2016Mike and Dave Need Wedding Dates
33%
2014The Last Five Years
30%
2012ParaNorman
24%
2012End of Watch
24%
2012What to Expect When You're Expecting
24%
2010Scott Pilgrim vs. the World
24%
2014The Voices
21%
2014Life After Beth
21%
2014Cake
21%
2007Rocket Science
21%
2016The Hollars
21%
2016Get a Job
21%
2019The Day Shall Come
18%
2014Happy Christmas
18%
2009Elsewhere
15%
2012The Company You Keep
12%
2015Digging for Fire
9%
2013Rapture-Palooza
9%
2009The Marc Pease Experience
6%

Score Distribution

Percentile by Number Answered

Percent of People with Each Score

Your Score History

You have not taken this quiz since the last reset